000 01240cam a22003617a 4500
003 CHAP
005 20220329133038.0
008 971013s1990 r 00010 d
010 _a1569
011 _a2541
035 _a1736
040 _cCHAP
090 _aTesis
100 0 0 _aOjeda Hernández, Miguel.
_982903
245 0 _aExperiencias en organización y crédito con productores de bajos ingresos en la Costa de Oaxaca
260 _aChapingo, Méx. :
_bEl autor,
_c1990
300 _a60 h.
500 _a42-92
502 _aTesis (Ing. Agr. Esp. en Fitotecnia) -- UACH. Departamento de Fitotecnia
590 _aALEPH
_b10
_c20130110
_lUCH01
_h1208
590 _aBATCH-UPD
_b10
_c20130110
_lUCH01
_h1845
590 _aBATCH-UPD
_b10
_c20130410
_lUCH01
_h1215
590 _aBATCH-UPD
_b10
_c20130914
_lUCH01
_h1100
590 _aCONVERSION
_b10
_c20130109
_lUCH01
_h1302
650 1 4 _aAgricultura
_xAspectos economicos
_xOaxaca.
_91279
650 1 4 _aAgricultura
_xSociedades
_xOaxaca.
_91813
650 1 4 _aCrédito agrícola
_zOaxaca.
_929090
650 1 4 _aOrganización de productores.
_983544
901 _aBK
942 _cFOLL
949 _bBC
_cTES
_d-11228
_eTS1
_h23518
_i1736
_si
949 _bBC
_cTES
_d-69572
_eTS2
_fc.2
_h23519
_i1736
_si
999 _c1569
_d1569